Statistiques concernant Pays d'Amérique du Sud

Cliquez ici pour prendre le quiz!

Statistiques générales

  • Ce quiz a été pris 82 fois
  • Le résultat moyen est 11 sur 12

Statistiques - réponses

Réponse% Correct
Argentine
100%
Brésil
100%
Colombie
93%
Venezuela
93%
Pérou
91%
Équateur
89%
Uruguay
89%
Chili
88%
Paraguay
84%
Bolivie
82%
Suriname
80%
Guyana
73%

Distribution des résultats

Percentile par nombre de réponses

% des personnes avec chaque résultat

Votre développement - résultats

Vous n’avez pas pris ce quiz